Histoire de la Suisse pour les nuls - Statistiques

Statistiques générales
  • Ce quiz a été pris 63 fois
  • Le résultat moyen est 4 sur 10
Statistiques - réponses
Hint Réponse % Correct
Quel héros légendaire suisse est célèbre pour avoir tiré un carreau d’arbalète sur une pomme placée sur la tête de son fils ? Guillaume Tell.
89%
En quelle année la Confédération suisse a-t-elle été officiellement fondée ? 1291
67%
Quel canton est considéré comme le plus ancien de la Confédération suisse ? Schwytz
47%
En quelle année la Suisse est-elle devenue un État fédéral moderne grâce à une nouvelle Constitution ? 1848
40%
En quelle année la Suisse a-t-elle rejoint l'ONU, malgré sa longue tradition de neutralité ? 2002
29%
Quel mouvement religieux initié par Jean Calvin a eu une influence majeure à Genève au XVIe siècle ? La Réforme protestante.
20%
Combien de cantons composent aujourd’hui la Confédération suisse ? 26 cantons.
18%
Quelle bataille de 1315 a marqué une victoire décisive des Confédérés contre les Habsbourg ? La bataille de Morgarten.
15%
Quel célèbre traité signé en 1815 a confirmé la neutralité permanente de la Suisse ? Le traité de Vienne.
15%
Quel pacte signé entre les cantons d'Uri, Schwytz et Unterwald est considéré comme l'acte fondateur de la Suisse ? Le Pacte fédéral
13%
Aucun quiz correspondant
Distribution des résultats
% des personnes avec chaque résultat
Percentile par nombre de réponses
Votre historique - résultats
Vous n’avez pas pris ce quiz